Atlas gramatiky slovenského jazyka : Jednotky vety /

Saved in:
Bibliographic Details
Main Author: Schenková, Blažena (Author)
Format: Book
Language:Slovak
Published: Bratislava : Slovenské pedagogické nakladateľstvo, 1995
Edition:1.vyd.
Subjects:
Tags: Add Tag
No Tags, Be the first to tag this record!

MARC

LEADER 00000nam a22000003a 4500
001 stu8979
005 20150617225807.5
008 960425s1995----xo------------------slo-d
020 |a 80-08-01101-7 
040 |a STU  |b slo 
041 0 |a slo 
044 |a xo 
080 |a 808.54-5 
100 1 |a Schenková, Blažena  |4 aut 
245 1 |a Atlas gramatiky slovenského jazyka :  |b Jednotky vety /  |c [aut.] Schenková,Blažena 
250 |a 1.vyd. 
260 |a Bratislava :  |b Slovenské pedagogické nakladateľstvo,  |c 1995 
300 |a preruš.str 
650 7 |a slovenčina  |2 stusub 
996 |b E80525  |c E*80525  |l EE18  |s P  |a 0  |w stu8979_0001